ბათუმის შოთა რუსთაველის სახელმწიფო უნივერსიტეტის ბიბლიოთეკა

Lehrerhandbuch: Landeskunde aktiv. Niveaustufen ab A2 : (ბიბ.ჩანაწერი № 55663)

000 -LEADER
fixed length control field 00763nam a2200241Ia 4500
001 - CONTROL NUMBER
control field 22758
003 - CONTROL NUMBER IDENTIFIER
control field GE_BSU
005 - DATE AND TIME OF LATEST TRANSACTION
control field 20220527124203.0
008 - FIXED-LENGTH DATA ELEMENTS--GENERAL INFORMATION
fixed length control field 181216s||||||||xx |||||||||||||| ||gem||
020 ## - INTERNATIONAL STANDARD BOOK NUMBER
International Standard Book Number 9783191917418
040 ## - CATALOGING SOURCE
Transcribing agency GE_BSU
041 ## - LANGUAGE CODE
Language code of text/sound track or separate title gem
080 ## - UNIVERSAL DECIMAL CLASSIFICATION NUMBER
Universal Decimal Classification number 811.112.1+378.6 B-33
100 ## - MAIN ENTRY--PERSONAL NAME
Personal name Bayerlein, Oliver
9 (RLIN) 13857
245 ## - TITLE STATEMENT
Title Lehrerhandbuch: Landeskunde aktiv. Niveaustufen ab A2 :
Remainder of title Didaktische Hinweise und Losungen /
Statement of responsibility, etc. Oliver Bayerlein.
264 ## - PRODUCTION, PUBLICATION, DISTRIBUTION, MANUFACTURE, AND COPYRIGHT NOTICE
Place of production, publication, distribution, manufacture Munchen :
Name of producer, publisher, distributor, manufacturer Verlag fur Deutsch,
Date of production, publication, distribution, manufacture, or copyright notice 2015.
300 ## - PHYSICAL DESCRIPTION
Extent 64 p. ;
Other physical details 23 cm.
653 ## - INDEX TERM--UNCONTROLLED
keyword Didaktische Hinweise und Losungen
653 ## - INDEX TERM--UNCONTROLLED
keyword Lehrerhandbuch: Landeskunde aktiv.
653 ## - INDEX TERM--UNCONTROLLED
keyword Немецкий язык
653 ## - INDEX TERM--UNCONTROLLED
keyword გერმანული ენა
942 ## - ADDED ENTRY ELEMENTS (KOHA)
Koha item type წიგნი
Source of classification or shelving scheme
ეგზემპლარები
Withdrawn status Lost status Source of classification or shelving scheme Damaged status Not for loan Permanent Location Current Location Shelving location Date acquired Cost, normal purchase price Full call number Barcode Date last seen Copy number Price effective from Koha item type Public note
          ბათუმის შოთა რუსთაველის სახელმწიფო უნივერსიტეტის მთავარი ბიბლიოთეკა ბათუმის შოთა რუსთაველის სახელმწიფო უნივერსიტეტის მთავარი ბიბლიოთეკა წიგნსაცავი 2018-12-17 63.00 811.112.1+378.6 B-33 58263 2018-12-17 58263 2018-12-17 წიგნი 63 ლ.